Villes de Turquie - Mort Subite - Statistiques

Statistiques générales
  • Ce quiz a été pris 1 292 fois
  • Le résultat moyen est 13 sur 25
Answers on the Grid
Answers color-coded by a green-red scale on the quiz's grid according to % correct below.
Istanbul
Ankara
Izmir
Edirne
Mersin
Antioche
Samsun
İskenderun
Bursa
Antalya
Konya
Alanya
Izmit
Kırıkkale
Pamukkale
Batman
Sivas
Balıkesir
Tarsus
Van
Tekirdağ
Turgutlu
Gökçeada
Kahramanmaraş
Trabzon
Yambol
Ararat
Erevan
Chios
Faşıladır
Göudürışk
Shahınyan
Razgatlıoğlu
Öncü
Fenerbahçe
Galatasaray
 
Statistiques - réponses
Réponse % Correct
Istanbul
78%
Ankara
77%
Antalya
77%
Izmir
76%
Trabzon
68%
Bursa
67%
Konya
65%
Samsun
62%
Edirne
59%
Mersin
59%
Alanya
58%
Sivas
58%
Izmit
57%
Balıkesir
56%
Batman
56%
Van
54%
Kahramanmaraş
51%
Tekirdağ
48%
Pamukkale
47%
Kırıkkale
44%
İskenderun
33%
Turgutlu
24%
Gökçeada
23%
Antioche
17%
Tarsus
15%
Aucun quiz correspondant
Distribution des résultats
% des personnes avec chaque résultat
Percentile par nombre de réponses
Votre historique - résultats
Vous n’avez pas pris ce quiz